[Event "Deizisau Autumn op 15th"]
[Site "Deizisau"]
[Date "2021.11.01"]
[Round "7"]
[White "Brem, Stephan"]
[Black "Kleih, Julian"]
[Result "1-0"]
[WhiteElo "2055"]
[BlackElo "1829"]
[PlyCount "115"]
[EventDate "2021.10.29"]
[EventType "swiss"]
[EventRounds "7"]
[EventCountry "GER"]
[SourceTitle "CBM 204 Extra"]
[Source "ChessBase"]
[SourceDate "2021.11.30"]
[SourceVersion "1"]
[SourceVersionDate "2021.11.30"]
[SourceQuality "1"]

1. f4 d5 2. Nf3 g6 3. e3 Bg7 4. Be2 Nf6 5. 0-0 0-0 6. d3 b6 7. Ne5 Nfd7 8. d4 c5 9. Bf3 Nf6 10. c4 e6 11. Nc3 Bb7 12. dxc5 bxc5 13. cxd5 Bxd5 14. e4 Bb7 15. Be3 Nbd7 16. Nxd7 Nxd7 17. e5 Bxf3 18. Qxf3 Rb8 19. Rfd1 Qc7 20. Rd2 Rb4 21. Rad1 Nb6 22. Ne4 Nc4 23. Rd7 Qa5 24. Bxc5 Rxb2 25. Bxf8 Bxf8 26. Qh3 h6 27. Nf6+ Kg7 28. Qxe6 Qb6+ 29. Qxb6 axb6 30. Ne8+ Kg8 31. e6 Bc5+ 32. Kh1 fxe6 33. Nf6+ Kf8 34. Rc7 Nd2 35. Nd7+ Ke8 36. Nxc5 bxc5 37. a4 Ra2 38. h4 c4 39. a5 c3 40. Rxc3 Ne4 41. Rc8+ Ke7 42. Rb1 Rxa5 43. Rb7+ Kd6 44. Rd8+ Kc6 45. Rb2 Kc7 46. Rd4 Ng3+ 47. Kh2 Nf5 48. Rc2+ Kb7 49. Rb4+ Ka7 50. Rc7+ Ka8 51. Re4 Kb8 52. Rf7 Ra6 53. Rf6 Nxh4 54. Rfxe6 Ra2 55. Re2 Ra3 56. g3 Nf3+ 57. Kg2 Nd4 58. Rb2+ 1-0

[Event "Stuttgart-chB int"]
[Site "Ditzingen"]
[Date "2016.05.06"]
[Round "4"]
[White "Kleih, Julian"]
[Black "Longo, Massimo"]
[Result "1/2-1/2"]
[WhiteElo "1887"]
[BlackElo "1719"]
[PlyCount "65"]
[EventDate "2016.05.05"]
[EventType "swiss"]
[EventRounds "7"]
[EventCountry "GER"]
[SourceTitle "EXT 2018"]
[Source "ChessBase"]
[SourceDate "2017.10.13"]
[SourceVersion "1"]
[SourceVersionDate "2017.10.13"]
[SourceQuality "1"]

1. d4 Nf6 2. c4 e6 3. g3 c5 4. d5 exd5 5. cxd5 Bd6 6. Nc3 0-0 7. Bg2 a6 8. a4 Be5 9. Nf3 d6 10. 0-0 Nbd7 11. Nxe5 dxe5 12. a5 Ne8 13. Be3 f5 14. Na4 Qc7 15. Qc1 Qxa5 16. Nxc5 Qb5 17. Ne6 Rf6 18. Bg5 Rg6 19. e4 f4 20. gxf4 exf4 21. Bxf4 Ndf6 22. Qc5 Qxc5 23. Nxc5 b6 24. Ne6 Bxe6 25. dxe6 Nxe4 26. Rfe1 Nc5 27. Kf1 Ra7 28. Be3 Kf8 29. Bxc5+ bxc5 30. Ra5 c4 31. Ra4 Ke7 32. Bd5 Nd6 33. Bxc4 1/2-1/2

[Event "Stuttgart-chB op"]
[Site "Ditzingen"]
[Date "2015.05.16"]
[Round "5"]
[White "Kleih, Julian"]
[Black "Dreyer, Andre"]
[Result "1/2-1/2"]
[WhiteElo "1823"]
[BlackElo "1891"]
[PlyCount "23"]
[EventDate "2015.05.17"]
[EventType "swiss"]
[EventRounds "7"]
[EventCountry "GER"]
[SourceTitle "EXT 2018"]
[Source "ChessBase"]
[SourceDate "2017.10.13"]
[SourceVersion "1"]
[SourceVersionDate "2017.10.13"]
[SourceQuality "1"]

1. d4 Nf6 2. c4 e5 3. dxe5 Ng4 4. Nf3 Nc6 5. Bf4 Bb4+ 6. Nc3 Qe7 7. Qd5 f6 8. exf6 Bxc3+ 9. bxc3 Nxf6 10. Qd2 d6 11. e3 0-0 12. Bd3 1/2-1/2

[Event "Stuttgart-chB int"]
[Site "Ditzingen"]
[Date "2013.05.12"]
[Round "7"]
[White "Kleih, Julian"]
[Black "Paschmann, Stefan"]
[Result "1/2-1/2"]
[WhiteElo "1713"]
[BlackElo "1886"]
[PlyCount "25"]
[EventDate "2013.05.09"]
[EventType "swiss"]
[EventRounds "7"]
[EventCountry "GER"]
[SourceTitle "EXT 2014"]
[Source "ChessBase"]
[SourceDate "2013.11.20"]
[SourceVersion "1"]
[SourceVersionDate "2013.11.20"]
[SourceQuality "1"]

1. d4 d5 2. c4 c6 3. Nf3 Nf6 4. g3 dxc4 5. a4 Bf5 6. Nc3 e6 7. Bg2 Bb4 8. 0-0 h6 9. Ne5 0-0 10. Nxc4 Bh7 11. e3 Nbd7 12. a5 Rb8 13. Bd2 1/2-1/2

[Event "Stuttgart-chB int"]
[Site "Ditzingen"]
[Date "2013.05.11"]
[Round "6"]
[White "Viehoff, Juergen"]
[Black "Kleih, Julian"]
[Result "1/2-1/2"]
[WhiteElo "1848"]
[BlackElo "1713"]
[PlyCount "89"]
[EventDate "2013.05.09"]
[EventType "swiss"]
[EventRounds "7"]
[EventCountry "GER"]
[SourceTitle "EXT 2014"]
[Source "ChessBase"]
[SourceDate "2013.11.20"]
[SourceVersion "1"]
[SourceVersionDate "2013.11.20"]
[SourceQuality "1"]

1. d4 Nf6 2. Nf3 e6 3. Bg5 c5 4. c3 b6 5. e4 h6 6. Bxf6 Qxf6 7. Nbd2 Bb7 8. Bd3 Nc6 9. Qe2 cxd4 10. e5 Qd8 11. cxd4 Be7 12. a3 d6 13. Rc1 Rc8 14. 0-0 Bg5 15. Nxg5 hxg5 16. Ne4 Nxd4 17. Nxd6+ Qxd6 18. Rxc8+ Bxc8 19. exd6 Nxe2+ 20. Bxe2 Kd7 21. f4 gxf4 22. Rxf4 f5 23. Ra4 a5 24. b4 Kxd6 25. bxa5 bxa5 26. Rxa5 Bd7 27. a4 Rc8 28. Kf2 Rc2 29. Ke3 Ra2 30. Ra6+ Ke5 31. Ra7 Bxa4 32. Ra5+ Kf6 33. Bc4 Rxg2 34. Rxa4 Rxh2 35. Ra6 Rh3+ 36. Kf2 Kg5 37. Bxe6 Rh6 38. Kg3 f4+ 39. Kf3 Rf6 40. Ra5+ Kh6 41. Bg4 g5 42. Ke4 Rf8 43. Ke5 f3 44. Ra6+ Kg7 45. Ra7+ 1/2-1/2

[Event "Stuttgart-chB int"]
[Site "Ditzingen"]
[Date "2013.05.10"]
[Round "4"]
[White "Spielberger, Horst"]
[Black "Kleih, Julian"]
[Result "0-1"]
[WhiteElo "1893"]
[BlackElo "1713"]
[PlyCount "78"]
[EventDate "2013.05.09"]
[EventType "swiss"]
[EventRounds "7"]
[EventCountry "GER"]
[SourceTitle "EXT 2014"]
[Source "ChessBase"]
[SourceDate "2013.11.20"]
[SourceVersion "1"]
[SourceVersionDate "2013.11.20"]
[SourceQuality "1"]

1. c3 Nf6 2. d4 b6 3. f3 d5 4. Bg5 e6 5. e3 c5 6. Bd3 Nbd7 7. f4 Be7 8. Nf3 Ne4 9. Bxe7 Qxe7 10. 0-0 0-0 11. Nbd2 f5 12. a4 a6 13. c4 Ndf6 14. Ne5 Bb7 15. a5 Nxd2 16. Qxd2 dxc4 17. Nxc4 cxd4 18. exd4 b5 19. Ne5 Rfd8 20. Be2 Ne4 21. Qe3 Qb4 22. Nf3 Qxb2 23. Rfb1 Qc3 24. Bd3 Rac8 25. Rc1 Qb4 26. Rcb1 Qd6 27. Bxe4 fxe4 28. Ng5 Qxd4 29. Qxd4 Rxd4 30. Nxe6 Rd2 31. Rc1 e3 32. Rxc8+ Bxc8 33. Ng5 e2 34. Re1 Bf5 35. Nf3 Ra2 36. Ne5 b4 37. Kf2 b3 38. Rc1 b2 39. Re1 b1Q 0-1